000
00295nam a2200121Ia 4500
008
190216s9999||||xx |||||||||||||| ||und||
100
_a
Mehta G S
245
0
_a
Education Employment And Earnings
260
_b
Deep&Deep Pub.Newdelhi
_c
1990
300
_a
156p
650
_a
Economics
942
_c
BK
999
_c
10108
_d
10108